Obálka Náhled e-knihy:
PDF Epub
Pro půjčování e-knih musíte být přihlášeni.
Jak si půjčit online?

Nebezpečné známosti /

Román Nebezpečné známosti už viac ako dve storočia ohuruje čitateľov príbehom rafinovane predstieranej lásky, ktorá je iba vypočítavou hrou. V čase svojho vzniku šokoval otvorenou kritikou mravov vyšších spoločenských vrstiev. Autor v takmer 200 listoch rozpráva príbeh markízy de Merteuil a vikomta...

Celý popis

Uloženo v:
Hlavní autor: De Laclos, Choderlos (Autor)
Médium: E-kniha
Jazyk:Czech
Vydáno: Praha : Albatros Media Slovakia s.r.o., 2024
Tagy:
Žádné tagy
LEADER 01495nam a22002297i 4500
001 302659
007 ta
008 260514s2024 xr ||||| |||| 00| 0 cze d
020 |a 9788056639481 
044 |a xr 
100 1 |a  De Laclos, Choderlos  |4 aut 
245 1 0 |a Nebezpečné známosti /  |c  De Laclos, Choderlos 
240 1 0 |a Les Liaisons dangereuses 
264 1 |a Praha :  |b Albatros Media Slovakia s.r.o.,  |c 2024 
300 |a 1 online zdroj (480 stran) 
336 |a text  |b txt  |2 rdacontent 
337 |a bez média  |b n  |2 rdamedia 
338 |a online zdroj  |b cr  |2 rdacarrier 
520 2 |a Román Nebezpečné známosti už viac ako dve storočia ohuruje čitateľov príbehom rafinovane predstieranej lásky, ktorá je iba vypočítavou hrou. V čase svojho vzniku šokoval otvorenou kritikou mravov vyšších spoločenských vrstiev. Autor v takmer 200 listoch rozpráva príbeh markízy de Merteuil a vikomta de Valmont, ktorí rozdúchavajú city svojich obetí a vzápätí ich odvrhnú. Vykalkulované stratégie však nakoniec zničia oboch konšpirátorov lásky. 
910 |a RBIT002 
998 |d 426841  |a https://core.palmknihy.cz/api/books/426841/cover?tesggr  |b https://core.palmknihy.cz/api/books/426841/cover/400?tesggr  |c https://core.palmknihy.cz/api/books/426841/cover/50?tesggr  |e 2032-12-31  |g 480  |i 9788056639481  |j https://core.palmknihy.cz/api/books/426841/preview.epub  |k https://core.palmknihy.cz/api/books/426841/preview.pdf  |l   |q 49  |r 1  |s https://www.palmknihy.cz/kniha/426841  |t ebook  |y 2024  |z 1 
999 |d 302657